LEADER 01277nam a2200301 a 4500 001 000000129263 003 CaOOAMICUS 005 20161115115743.0 008 120612s2012 it u000 u ita r 020 $a978-88-13-29147-1 032 $aLibriCat 040 $aPUL$bita 245 00$aElementi di diritto pubblico dell'economia /$ca cura di Mirella Pellegrini. 260 $aPadova :$bCEDAM,$c2012. 300 $aXV, 570 p. ;$c24 cm. 490 1 $aSaggi e monografie di diritto dell'economia ;$v16 504 $aRiferimenti bibliografici in nota. 650 4$aEconomia.$0(OLS)http://pul/subject/1893 650 4$aDiritto pubblico.$0(OLS)http://pul/subject/2966 700 1 $aPellegrini, Mirella.$0(OLS)http://pul/name/70460 830 0$aSaggi e monografie di diritto dell'economia ;$v16.$0(OLS)http://pul/title/142510 850 $aPUL 852 $aPUL$W1$xSL Diritto e Scienze Sociali 3$y79$m343. 45 PELMI 2$j149687$qDDC 21$B148209$CPULBib$Z2$F148209 $H120066 $82 941 1 $a9 996 $6020$a978-88-13-29147-1$9(OLS)http://pul/number/149982 996 $6245$aElementi di diritto pubblico dell'economia$9(OLS)http://pul/title/163355 996 $6260$aPadova :$bCEDAM$9(OLS)http://pul/publisher/48126 LEADER 00885nam a2200217 u 4500 001 000000081081 003 CaOOAMICUS 005 20070226123721.0 008 050314s1925 it u000 u ita u 035 $a11033937 040 $aPUL(R)$bita 100 1 $aCrispolti, Filippo,$cmarchese,$d1857-1942.$0(OLS)http://pul/name/13818 245 10$aGrandi anime :$bdiscorsi commemorativi /$cFilippo Crispolti. 260 $aRoma :$bLibreria Pontificia f. Pustet,$c1925. 300 $a383 p. ;$c23 cm 650 4$aCristianesimo e letteratura.$0(OLS)http://pul/subject/19616 850 $aPUL 852 $aPUL$W1$xDP1 Fondo Cecchetti$y53$m260 V 92$j103480$nBK-PRI$b $qFondi$B103480$CPULBib$Z2$F103480 $82 941 1 $a1 996 $6245$aGrandi anime :$bdiscorsi commemorativi$9(OLS)http://pul/title/106094 996 $6260$aRoma :$bLibreria Pontificia f. Pustet$9(OLS)http://pul/publisher/75943